Stimulating qualitative methods in psychological science/ Brian Schiff. (Record no. 22501)

000 -LEADER
fixed length control field 00598nam a22001697a 4500
020 ## - INTERNATIONAL STANDARD BOOK NUMBER
ISBN 9781351136426 (ebook)
082 ## - DEWEY DECIMAL CLASSIFICATION NUMBER
Classification number 150.72
Item number Sch333s 2019
100 ## - MAIN ENTRY--AUTHOR NAME
Personal name Schiff, Brian, editor.
245 ## - TITLE STATEMENT
Title Stimulating qualitative methods in psychological science/ Brian Schiff.
250 ## - EDITION STATEMENT
Edition statement First Edition
260 ## - PUBLICATION, DISTRIBUTION, ETC. (IMPRINT)
Place of publication New York, NY :
Name of publisher Routledge,
Year of publication 2019.
300 ## - PHYSICAL DESCRIPTION
Number of Pages 1 online resource, viii, 115 pages :
Other physical details illustrations.
490 ## - SERIES STATEMENT
Series statement Advances in Theoretical and Philosophical Psychology
500 ## - GENERAL NOTE
General note Includes Bibliographical Index and References
650 ## - SUBJECT ADDED ENTRY--TOPICAL TERM
Topical Term Qualitative research.
942 ## - ADDED ENTRY ELEMENTS (KOHA)
Koha item type Books
Holdings
Source of acquisition Permanent Location Date acquired Collection code Koha item type Lost status Shelving location Withdrawn status Current Location Full call number
DonationCagayan State University - Carig Library2026-04-15E-BooksBooks E-Resource Section Cagayan State University - Carig Library150.72 Sch333s 2019

Cagayan State University University Library, Carig Campus
Tuguegarao City, Cagayan 3500 | www.csucarig.edu.ph

Powered by Koha